00520nam a22001817a 4500003000500000005001700005008004100022010001000063011001000073035001000083040000900093100002800102245006700130260004000197300003200237502004400269650002500313CHAP20220329134706.0971013s1966 r 00010 d a24261 a25233 a29333 cCHAP00aInfante Heller, Leslie. aHeterosis y sus abatimiento en ocho cruzas de sorgo para grano aChapingo, Méx. :bEla utor,c1966 a71 h.b: ilus. ; apéndice aTesis (M.C. Esp. en Genética) -- ENA.14aSorgoxMejoramiento.